El hombre, la economía y el estado (Registro nro. 6194)
[ vista simple ]
| 000 -LEADER | |
|---|---|
| fixed length control field | 01747 a2200241 4500 |
| 001 - CONTROL NUMBER | |
| control field | 57360 |
| 005 - DATE AND TIME OF LATEST TRANSACTION | |
| control field | 20260407155835.0 |
| 008 - FIXED-LENGTH DATA ELEMENTS--GENERAL INFORMATION | |
| fixed length control field | 260407a2011 arg spa d |
| 003 - CONTROL NUMBER IDENTIFIER | |
| control field | AR-UNSa-BCEJYS |
| 040 ## - CATALOGING SOURCE | |
| Original cataloging agency | AR-UNSa-BCEJYS |
| Language of cataloging | spa |
| Transcribing agency | AR-UNSa-BCEJYS |
| 080 ## - UNIVERSAL DECIMAL CLASSIFICATION NUMBER | |
| Universal Decimal Classification number | 330.101.8 |
| Common auxiliary subdivision | Clasificación y subdivisiones de la economía. Teórica, práctica. Pura, aplicada. General, especial. Relación de la economía con la teoría de la economía política. Interrelaciones de economía política, economía privada, economía de la empresa (economía comercial). Relación de la economía política general y especial. Economía sectorial |
| 020 ## - INTERNATIONAL STANDARD BOOK NUMBER | |
| International Standard Book Number | 978-84-7209-554-0 |
| 041 ## - LANGUAGE CODE | |
| Language code of text/sound track or separate title | spa |
| 100 1# - MAIN ENTRY--PERSONAL NAME | |
| Personal name | Rothbard, Murray N. |
| 245 10 - TITLE STATEMENT | |
| Title | El hombre, la economía y el estado |
| Name of part/section of a work | tratado sobre principios de economía |
| 264 #1 - PRODUCTION, PUBLICATION, DISTRIBUTION, MANUFACTURE, AND COPYRIGHT NOTICE | |
| Place of production, publication, distribution, manufacture | Madrid : |
| Name of producer, publisher, distributor, manufacturer | Union Editorial |
| Date of production, publication, distribution, manufacture, or copyright notice | 2011 |
| 300 ## - PHYSICAL DESCRIPTION | |
| Extent | 2 v. (527 ; 581 p.) |
| Dimensions | 23 cm. |
| 505 ## - FORMATTED CONTENTS NOTE | |
| Formatted contents note | Vol. I: 1. Los fundamentos de la acción humana - 2. El intercambio directo – 3. El modelo de intercambio indirecto – 4. Los precios y el consumo – 5. La producción: su estructura – 6. La producción: la tasa de interés y su determinación – 7. La producción: determinación general del precio de los factores – Vol II: 8. La producción: la función empresarial y el cambio – 9. La producción: los precios de los factores y los ingresos de la producción – 10. El monopolio y la competencia – 11. El dinero y su poder adquisitivo – 12. Las consecuencias económicas de la intervención violenta en el mercado |
| 590 ## - LOCAL NOTE (RLIN) | |
| Local note | niveau_biblio:m niveau_hierar:0 |
| 700 1# - ADDED ENTRY--PERSONAL NAME | |
| Personal name | Sedaca, Norberto R. |
| 856 41 - ELECTRONIC LOCATION AND ACCESS | |
| Uniform Resource Identifier | <a href="https://biblioeco.unsa.edu.ar/pmb/images/libros/L128750.jpg">https://biblioeco.unsa.edu.ar/pmb/images/libros/L128750.jpg</a> |
| Link text | Imagen de portada |
| Electronic format type | image/jpeg |
| 942 ## - ADDED ENTRY ELEMENTS (KOHA) | |
| Koha item type | |
| Withdrawn status | Lost status | Damaged status | Not for loan | Home library | Current library | Shelving location | Date acquired | Total checkouts | Full call number | Barcode | Date last seen | Price effective from | Koha item type |
|---|---|---|---|---|---|---|---|---|---|---|---|---|---|
| Biblioteca Prof. Eusebio Cleto del Rey | Biblioteca Prof. Eusebio Cleto del Rey | 07/04/2026 | 330.101.8 R845 v.1 | L128750 | 07/04/2026 | 07/04/2026 | Libro | ||||||
| Biblioteca Prof. Eusebio Cleto del Rey | Biblioteca Prof. Eusebio Cleto del Rey | 07/04/2026 | 330.101.8 R845 v.2 | L128751 | 07/04/2026 | 07/04/2026 | Libro |